000 00768cam a22002533a 4500
001 22765
003 PGUSA
005 20140828083502.0
008 070925s2007||||xxu|||||s|||||000 | eng d
040 _aPGUSA
_beng
042 _adc
050 4 _aDA
100 1 _aPresland, John
245 1 0 _aLynton and Lynmouth :
_bA Pageant of Cliff and Moorland
_h[electronic resource] /
_cJohn Presland
260 _bProject Gutenberg,
_c2007
506 _aPublic domain in the USA.
516 _aElectronic text
653 _aLynton (England) -- Guidebooks
653 _aLynmouth (England) -- Guidebooks
700 1 _aWidgery, F. J.
_q(Frederick John),
_d1861-1942
830 0 _aProject Gutenberg
_v22765
856 4 0 _uhttp://www.gutenberg.org/ebooks/22765
942 _cEB
999 _c252020
_d252020